Anales del Instituto de Investigaciones Estéticas /
Publicación periódica y órgano del Instituto de Investigaciones Estéticas de la UNAM. Ambos, instituto y publicación, tienen por objeto contribuir al estudio y divulgación de la historia del arte, especialmente el de México. En este número se hace un homenaje a Manuel Toussaint, quien fungió como di...
保存先:
| その他の著者: | |
|---|---|
| フォーマット: | 図書 |
| 言語: | スペイン語 |
| シリーズ: | (Anales del Instituto de Investigaciones Estéticas ;
25) |
| 主題: | |
| タグ: |
タグなし, このレコードへの初めてのタグを付けませんか!
|
MARC
| LEADER | 00000nam^a2200000^a^4500 | ||
|---|---|---|---|
| 001 | 000113366 | ||
| 005 | 20250521000000.0 | ||
| 009 | 20260310093941.449 | ||
| 037 | |a Acervo ITESO - Biblioteca | ||
| 041 | |a ESP | ||
| 082 | |a 700. 5 |b ANA V. 25 T. 1 | ||
| 240 | 1 | 1 | |a [Anales del Instituto de Investigaciones Estéticas] |
| 245 | 1 | 0 | |a Anales del Instituto de Investigaciones Estéticas / |c Dir. de J. Fernández. |
| 264 | |a México : |b UNAM, Instituto de Investigaciones Estéticas, |c 1957 | ||
| 300 | |a 134 p. | ||
| 336 | |a texto |b txt |2 rdacontenido | ||
| 337 | |a sin mediación |b n |2 rdamedio | ||
| 338 | |a volumen |b nc |2 rdasoporte | ||
| 440 | 1 | |a (Anales del Instituto de Investigaciones Estéticas ; |v 25) | |
| 520 | |a Publicación periódica y órgano del Instituto de Investigaciones Estéticas de la UNAM. Ambos, instituto y publicación, tienen por objeto contribuir al estudio y divulgación de la historia del arte, especialmente el de México. En este número se hace un homenaje a Manuel Toussaint, quien fungió como director del Instituto de Investigaciones Estéticas por 20 años. | ||
| 649 | |a XX | ||
| 650 | |a Arte - |x Publicaciones Periódicas Mexicanas | ||
| 650 | |a Investigadores Mexicanos - |x Homenajes | ||
| 650 | |a Intelectuales Mexicanos - |x Homenajes | ||
| 650 | |a Recepción y Apreciación del Arte | ||
| 650 | |a Estética | ||
| 650 | |a Arte - |x Estudio y Enseñanza | ||
| 700 | |a Fernández, Justino |e (dirección) | ||
| 910 | |a Fondo Salvador Reynoso Reynoso | ||
| 920 | |a Impresos - Libros | ||
| 930 | |a Fondos Especiales | ||
| 905 | |a 112 | ||
| 901 | |a 0800002194 |b IT2 |c ESP |u 20250521 | ||
| 902 | |a https://opac.biblio.iteso.mx/vufind/Record/000113366 | ||